| 000 | 00912nam a2200229Ia 4500 | ||
|---|---|---|---|
| 005 | 20241129105736.0 | ||
| 008 | 241129s9999||||xx |||||||||||||| ||und|| | ||
| 020 | _a978-81-950125-5-8 | ||
| 037 | _aTB | ||
| 040 |
_aARTS _bhin _cARTS |
||
| 041 |
_ahin _2san |
||
| 084 |
_aO15,1A1:g(Y:1) 152R1 _qARTS |
||
| 100 |
_aसिंह, जितेन्द्र प्रताप, ले. _9623632 |
||
| 245 | 0 |
_aदक्षिण पूर्व एशिया में रामायण संस्कृति _cसिंह, जितेन्द्र प्रताप, ले. |
|
| 260 |
_aदिल्ली, भारत _bशिवालिक प्रकाशन _c2021 |
||
| 300 | _a330पृ0 | ||
| 365 |
_aINR _b3500 |
||
| 546 | _aTranslated from Sanskrit to Hindi | ||
| 650 |
_aSanskrit Poetry _9155567 |
||
| 942 |
_cTB _hO15,1A1:g(Y:1) 152R1 |
||
| 999 |
_c1225725 _d1225725 |
||